000 00589nam a2200181Ia 4500
008 151202s9999||||xx |||||||||||||| ||und||
082 _bPNVM-44771
100 _aकुलकर्णी लता.
245 _aन्यु-यॉकर्स.
260 _b"कीर्ति प्रकाशन,औरंगाबाद."
260 _c2002
300 _a115
600 _aकुलकर्णी लता.
630 _aन्यु-यॉकर्स.
700 _aकुलकर्णी लता.
730 _aन्यु-यॉकर्स.
942 _cBOOK
999 _c1310723
_d1310720